Normal view
MARC view
- BIOGRAPHY OF PAULO COELHO
Entry Topical Term
001 - CONTROL NUMBER
- control field: 62898
003 - CONTROL NUMBER IDENTIFIER
- control field: NUST
005 - DATE AND TIME OF LATEST TRANSACTION
- control field: 20210628203022.0
008 - FIXED-LENGTH DATA ELEMENTS
- fixed length control field: 210628|| aca||aabn | a|a d
040 ## - CATALOGING SOURCE
- Original cataloging agency: NUST
- Transcribing agency: NUST
150 ## - HEADING--TOPICAL TERM
- Topical term or geographic name entry element: BIOGRAPHY OF PAULO COELHO
670 ## - SOURCE DATA FOUND
- Source citation: Work cat.: (NUST): Morais, Fernando 62897, A warriors life ,a biography of paulo coelho, 2008
